| 000 | 00868nam a2200325 a 4500 | ||
|---|---|---|---|
| 003 | AR-BaBNM | ||
| 005 | 20251128210550.0 | ||
| 008 | 082120s2002 ||||||||||||||000 | spa|| | ||
| 020 | _a0582-33495-0 | ||
| 040 | _cAR-BaBNM | ||
| 100 | 1 | _aVillarroel, Magaly | |
| 245 | 0 | 0 |
_aEko and friends _bteacher's guide _n2 |
| 250 | _a1ª ed. | ||
| 260 |
_aEdinburgh _bLongman _c1998 |
||
| 300 |
_a175 p. _bil., tablas |
||
| 650 | 4 | _aENSEÑANZA DE IDIOMAS | |
| 650 | 4 | _aINGLES | |
| 650 | 4 | _aACTIVIDADES DE APRENDIZAJE | |
| 650 | 4 | _aLIBROS DE TEXTO | |
| 650 | 4 | _aTECNICAS DIDACTICAS | |
| 650 | 4 | _aMATERIAL DIDACTICO | |
| 650 | 4 | _aGUIA DEL DOCENTE | |
| 653 | _aEDUCACION GENERAL BASICA | ||
| 653 | _aUNIDADES DIDACTICAS | ||
| 700 | 1 | _aCant, Amanda | |
| 700 | 1 | _aCharrington, Mary | |
| 700 | 1 |
_aRotonda, Violeta _ecolaborador |
|
| 942 | _cBK | ||
| 998 | _cRAQUEL | ||
| 999 |
_c15966 _d15966 |
||